000 00293nam a22001337a 4500
008 170908b xxu||||| |||| 00| 0 eng d
020 _a9780675208864
041 _aeng
080 _25 ED
_a91
100 _a91
101 _aGEO
245 _aGENERAL GEOLOGY
_cFOSTER.R.J
942 _2udc
_cBK
999 _c26764
_d26764